Регионална библиотека "Любен Каравелов" - Русе

Оригами (Запис номер 41307)

MARC детайли
000 -Лидер
Контролно поле с фиксирана дължина 01480nam a2200409 a 4500
003 - Код на организацията, давaща контролен номер
Контролно поле BLK
005 - Дата и час на последна редакция
Контролно поле 20250412113306.0
008 - Елементи от данни с фиксирана дължина
fixed length control field 180408b bul|||||r ||||||| ||bul||
010 ## - Наследен системен номер
LC control number KNG00044867000
020 ## - Международен стандартен номер на книга ISBN
Международен стандартен номер на книга ISBN 978-954-8432-02-3
040 ## - Източник на каталожния запис
Идентификатор на билиотеката - собственик на записа BLK
041 ## - Код за език
Код за езика на текст/звукозапис или на отделно заглавие Български
Код за езика КДБФ Български
072 #7 - Код за тематичната категория
Код организация bullib
Код за тематична категория Н70
Текст Изкуства Н
080 ## - УДК
Текстов определител УДК Декоративна хартия. Тапети
УДК код - определител по УДК 745.54
УДК определител (035)
УДК - код + определител 745.54(035)
100 1# - Редна дума - Автор
Автор Ууд, Ашли
Авторска отговорност първи автор
R(LIN) 277655
139 ## - Редно поле
Редна дума Ууд, Ашли
Авторски знак Утр - У 88
245 10 - Сведения за заглавието
Заглавие Оригами
Подзаглавни данни Енциклопедия
Редно поле (дума) Ашли Ууд; прев. от англ. Паолина Желева.
257 ## - Страна на издаване
Страна на създаване/издаване Великобритания
260 ## - Област на издателските данни
Място на издаване, разпространение и проч. София
Име на издателя, разпространителя и проч. Книгомания
Година на издаване 2011
Печатница Отпеч. в Китай
300 ## - Физическа характеристика
Страници 192 с.
Илюстрации и др. с цв. ил.
Размери/Мащаб 20 см
380 ## - Жанр
Жанр Изкуство
500 ## - Общи забележки
Забележка Без сведение за ориг. загл.
650 #4 - Допълнително описание по предмет – тема
Основно описание – тема или топоним Детски игри - хартиени модели
9 (RLIN) 277657
653 ## - Ключова дума – ненормативна
Ключова дума оригами
653 ## - Ключова дума – ненормативна
Ключова дума техника
653 ## - Ключова дума – ненормативна
Ключова дума модели
653 ## - Ключова дума – ненормативна
Ключова дума енциклопедии
659 ## - Тематичен бюлетин
Тематичен бюлетин Н
700 1# - Други автори (авторска отговорност)
Лично име Желева, Паолина
Автороска отговорност (Описва отношението между автора и произведението) прев. от англ.
9 (RLIN) 277656
852 ## - Местоположение
Форматна сигнатура Цб 254143
856 4# - Електронен адрес и достъп
Електронен формат pdf - файл
Инструкция (цена за достъп) 0.00
Права за достъп disable
856 4# - Електронен адрес и достъп
Електронен формат pdf - файл
Инструкция (цена за достъп) 0.00
Права за достъп disable
999 ## - СИСТЕМНИ КОНТРОЛНИ НОМЕРА
Koha biblionumber 41307
Koha biblioitemnumber 41307
942 ## - АРТИКУЛИ
Вид на библиотечния материал Книги
Скрит в OPAC Не
Koha issues (borrowed), all copies 19
Периодичен библиозапис Да
944 ## - СЪЗДАВАНЕ И РЕДАКЦИЯ на ЗАПИСА
Създаване/Редакция Създаване
Дата на регистрацията/редакция 22.12.2011
Статус, дата на статуса Моника Янева
Служител, извършил регистрацията/редакцията 30570
944 ## - СЪЗДАВАНЕ И РЕДАКЦИЯ на ЗАПИСА
Създаване/Редакция Редакция
Дата на регистрацията/редакция 12.10.2016
Статус, дата на статуса ф /
Служител, извършил регистрацията/редакцията Виолета_Тройчева
999 ## - СИСТЕМНИ КОНТРОЛНИ НОМЕРА
Koha biblioitemnumber 41307
Наличности
Код за отписване Код за изгубен артикул Източник на класификационната схема Код за повреда Коз за рестрикции Код за отдаване Артикулен № Име на библиотеката - собственик Име на библиотеката, в която се намира в момента Статус (Текущо местоположение) Дата на вписване в системата Местоположение - отдел Цена в лева Инвентарен номер Систематично азбучна сигнатура Баркод Номер на екземпляра Цена в евро Служебна бележка Служебен тип на артикула
  Не е изгубен Universal Decimal Classification Не е повреден без рестрикции заемане за дома 64728 Регионална библиотека "Любен Каравелов" Русе Регионална библиотека "Любен Каравелов" Русе Отдел Изкуство - подръчен фонд 2011-12-16 Отдел Изкуство - подръчен фонд 17.90 120000755557 745/У 88 120000755557 1 9.15 Дост: Pk Вид: Ф N: 251 Дата: 15.12.2011 Дата инв: 07.06.2012 Бележки инв: * Книги
  Не е изгубен Universal Decimal Classification Не е повреден без рестрикции заемане за дома 64729 Регионална библиотека "Любен Каравелов" Русе Регионална библиотека "Любен Каравелов" Русе Отдел Изкуство - подръчен фонд 2011-12-16 Отдел Изкуство - подръчен фонд 17.90 120000755558 745/У 88 120000755558 2 9.15 Дост: Pk Вид: Ф N: 251 Дата: 15.12.2011 Дата инв: 12.02.2015 Бележки инв: ИП2015 Книги
  Не е изгубен Universal Decimal Classification Не е повреден само за читалня ползва се в читалня 64730 Регионална библиотека "Любен Каравелов" Русе Регионална библиотека "Любен Каравелов" Русе Хранилище 2013-07-16 Хранилище 17.90 120000768161 Цб 254143 120000768161 3 9.15 Дост: Dp Вид: Д N: 14 Дата: 02.04.2012 Книги
  Не е изгубен Universal Decimal Classification Не е повреден без рестрикции заемане за дома 727745 Регионална библиотека "Любен Каравелов" Русе Регионална библиотека "Любен Каравелов" Русе Детски отдел 2019-07-03 Детски отдел 17.90 120000833004 ДН 7/У 88 120000833004   9.15 17.90 Книги
Vip Innovations Ltd, Rousse, Bulgaria 2025